[Event "IND-chT"]
[Site "Gurgaon"]
[Date "2010.02.27"]
[Round "9"]
[White "Debasish, Mukherjee"]
[Black "Praveen Kumar, Chandrasekar"]
[Result "1/2-1/2"]
[WhiteElo "2210"]
[BlackElo "2421"]
[PlyCount "50"]
[EventDate "2010.02.21"]
[EventType "team"]
[EventRounds "9"]
[EventCountry "IND"]
[SourceTitle "CBM 135 Extra"]
[Source "ChessBase"]
[SourceDate "2010.05.04"]
[SourceVersion "1"]
[SourceVersionDate "2010.05.04"]
[SourceQuality "1"]

1. Nf3 e6 2. g3 b6 3. Bg2 Bb7 4. 0-0 Be7 5. b3 f5 6. Bb2 Nf6 7. c4 0-0 8. d3 Qe8 9. Nc3 Qh5 10. e4 fxe4 11. Nd2 Qxd1 12. Raxd1 e5 13. Ndxe4 Nxe4 14. Bxe4 Bxe4 15. dxe4 d6 16. Nd5 Bd8 17. f4 exf4 18. Rxf4 Rxf4 19. gxf4 Nd7 20. e5 Kf7 21. exd6 cxd6 22. Kg2 Nc5 23. Kf3 Rb8 24. f5 b5 25. Rg1 Bf6 1/2-1/2

[Event "Gurgon op 1st"]
[Site "Gurgon"]
[Date "2009.01.26"]
[Round "7"]
[White "Himanshu, Sharma"]
[Black "Debasish, Mukherjee"]
[Result "1-0"]
[WhiteElo "2405"]
[BlackElo "2247"]
[PlyCount "107"]
[EventDate "2009.01.21"]
[EventType "swiss"]
[EventRounds "10"]
[EventCountry "IND"]
[SourceTitle "CBM 128 Extra"]
[Source "ChessBase"]
[SourceDate "2009.03.05"]
[SourceVersion "2"]
[SourceVersionDate "2009.03.25"]
[SourceQuality "1"]

1. e4 e5 2. Nf3 Nc6 3. Bb5 a6 4. Bxc6 dxc6 5. 0-0 Ne7 6. Nxe5 Qd4 7. Qh5 g6 8. Qg5 Bg7 9. Nd3 f5 10. e5 Qg4 11. f4 Qxg5 12. fxg5 h6 13. gxh6 Rxh6 14. Re1 g5 15. Nf2 Kf7 16. d4 Kg6 17. Nd2 Be6 18. Nf3 Rh5 19. h4 gxh4 20. Nh3 Bh6 21. Bxh6 Rxh6 22. Nf4+ Kg7 23. Nxe6+ Rxe6 24. Nxh4 Rh8 25. Nf3 Rg8 26. Kf2 Rg6 27. Rh1 Kf7 28. Rh2 f4 29. Rg1 Ke6 30. Rh4 Kf5 31. Rh7 Ke6 32. Ne1 Rg4 33. Rgh1 Nf5 34. c3 Ne3 35. Rxc7 Kf5 36. Rh5+ Ke4 37. Rh2 Rg3 38. Kg1 f3 39. Rf7 Nxg2 40. Nxg2 Rxg2+ 41. Rxg2 Rxg2+ 42. Kf1 Ke3 43. e6 Rxb2 44. Kg1 Rg2+ 45. Kh1 Rg6 46. e7 Re6 47. Kg1 b5 48. Kf1 a5 49. Rf5 Rxe7 50. Re5+ Kd3 51. Rxe7 Kxc3 52. Rc7 Kxd4 53. Rxc6 a4 54. a3 1-0